Environmental crime in Europe
Uloženo v:
| Další autoři: | , , |
|---|---|
| Médium: | Kniha |
| Jazyk: | angličtina |
| Vydáno: |
Oxford
Hart Publishing
2017
|
| Edice: | Modern studies in European Law
|
| Témata: | |
| Tagy: |
Přidat tag
Žádné tagy, Buďte první, kdo vytvoří štítek k tomuto záznamu!
|
MARC
| LEADER | 00000cam a2200000 a 4500 | ||
|---|---|---|---|
| 001 | UCC8082 | ||
| 003 | CL-VaPUC | ||
| 005 | 20240828124135.0 | ||
| 008 | 190531e20170000uk |||||||||||||||||eng|d | ||
| 999 | |c 374513 |d 374511 | ||
| 020 | |a 9781509914012 | ||
| 040 | |c Pontificia Universidad Católica de Valparaíso | ||
| 082 | 0 | 4 | |a 341.762 FAR 2017 |2 21 |
| 100 | 0 | |a Farmer, Andrew |e editor |9 602766 | |
| 245 | 1 | 0 | |a Environmental crime in Europe |
| 260 | |a Oxford |b Hart Publishing |c 2017 | ||
| 300 | |a 367 páginas | ||
| 490 | 0 | |a Modern studies in European Law | |
| 583 | |a last modification |c 20190531 13:26:00 |k Rodrigo Vera | ||
| 650 | 0 | |a Derecho ambiental internacional |9 467416 | |
| 650 | 0 | |a Protección del medio ambiente |9 257626 | |
| 700 | 0 | |a Faure, Michael |e editor |9 602767 | |
| 700 | 0 | |a Vagliasindi, Grazia Maria |e editora |9 602768 | |
| 852 | |a BIBDER | ||
| 942 | |c BK |2 ddc | ||
| 945 | |d 20190531 13:26:00 |a dcastane | ||
| 952 | |0 0 |1 0 |3 erd |4 0 |6 341_762000000000000_FAR_2017 |7 0 |8 A |9 493070 |a BIBDER |b BIBDER |d 2019-05-24 |e 2 |g 114451.00 |i 5550467 |o 341.762 FAR 2017 |p 5550467 |r 2023-01-25 |v 114.45 |w 2019-11-24 |y BK |z Catalogado en:20190531 |k DER | ||